Berlín, encrucijada de problemas humanos / (Record no. 169888)

MARC details
000 -LEADER
campo de control de longitud fija 00998nam a2200241 i 4500
001 - NÚMERO DE CONTROL
campo de control 169888
003 - IDENTIFICADOR DE NÚMERO DE CONTROL
campo de control ES-MaACL
005 - FECHA Y HORA DE LA ÚLTIMA TRANSACCIÓN
campo de control 20251014063249.0
008 - DATOS DE LONGITUD FIJA--INFORMACIÓN GENERAL
campo de control de longitud fija 081216s1964 sp |||| | spa d
017 ## - NÚMERO DE COPYRIGHT O DE DEPÓSITO LEGAL
Número de copyright o de depósito legal M 17.459-1964
080 ## - NÚMERO DE LA CLASIFICACIÓN DECIMAL UNIVERSAL
Número de la Clasificación Decimal Universal 943.155"1945/..."
100 1# - ENTRADA PRINCIPAL--NOMBRE DE PERSONA
Nombre de persona Arellano Catalán, Jesús
9 (RLIN) 139083
245 10 - MENCIÓN DEL TÍTULO
Título Berlín, encrucijada de problemas humanos /
Mención de responsabilidad, etc. Jesús Arellano.
260 ## - PUBLICACIÓN, DISTRIBUCIÓN, ETC.
Lugar de publicación, distribución, etc. Madrid :
Nombre del editor, distribuidor, etc. Rialp,
Fecha de publicación, distribución, etc. 1964 (
Fabricante Bolaños y Aguilar)
300 ## - DESCRIPCIÓN FÍSICA
Extensión 66 p., [2] h. ;
Dimensiones 19 cm.
490 1# - MENCIÓN DE SERIE
Mención de serie O crece o muere ;
Designación de volumen o secuencia 176
500 ## - NOTA GENERAL
Nota general "Este trabajo fue dado a conocer inicialmente por su autor en la conferencia pronunciada en el Aula de Cultura, Facultad de Filosofía y Letras de Sevilla, el 18 de octubre de 1961. Ha sido retocado y puesto al día para esta edición"
651 #4 - PUNTO DE ACCESO ADICIONAL DE MATERIA--NOMBRE GEOGRÁFICO
Nombre geográfico Berlín-
Subdivisión general Historia-
Subdivisión cronológica 1945-1990.
9 (RLIN) 168363
710 2# - ENTRADA AGREGADA--NOMBRE DE ENTIDAD CORPORATIVA
Nombre de entidad corporativa o nombre de jurisdicción como elemento de entrada Ateneo de Madrid.
9 (RLIN) 1875
830 00 - PUNTO DE ACCESO ADICIONAL DE SERIE-TÍTULO UNIFORME
Título uniforme Colección "O crece o muere"
Designación de volumen o secuencia 176
9 (RLIN) 183476
852 4# - LOCALIZACIÓN
Ubicación ES-MaACL
Número de control de estantería 2243-F-21
Holdings
Estatus retirado Estado de pérdida Estado de daño No para préstamo Colección Biblioteca de origen Biblioteca actual Ubicación en estantería Fecha de adquisición Fuente de adquisición Total de préstamos Signatura topográfica completa Código de barras Visto por última vez Precio de reemplazo Tipo de ítem Koha
        Colección de folletos Biblioteca del Ateneo de Madrid Biblioteca del Ateneo de Madrid Depósito folletos 16/12/2008     2243-F-21 1178365 23/02/2023 23/02/2023 Folleto